[Event "Thessaloniki FIDE GP"]
[Site "Thessaloniki"]
[Date "2013.05.29"]
[Round "7"]
[White "Bacrot, Etienne"]
[Black "Dominguez Perez, Leinier"]
[Result "1/2-1/2"]
[WhiteElo "2725"]
[BlackElo "2723"]
[Annotator "Krasenkow,M"]
[PlyCount "160"]
[EventDate "2013.05.22"]
[EventType "tourn"]
[EventRounds "11"]
[EventCountry "GRE"]
[EventCategory "21"]
[SourceTitle "CBM 155"]
[Source "ChessBase"]
[SourceDate "2013.07.16"]
[SourceVersion "1"]
[SourceVersionDate "2013.07.16"]
[SourceQuality "1"]

1. d4 Nf6 2. c4 e6 3. Nf3 Bb4+ 4. Bd2 Bxd2+ 5. Qxd2 d5 6. Nc3 O-O 7. e3 Qe7 8.
cxd5 (8. Rc1 {- see Aronian - Carlsen in CBM 154.}) (8. Rd1 {- see
Kasimdzhanov - Dominguez in this issue.}) 8... exd5 9. Qc2 c6 10. Bd3 {This
version of the Karlsbad structure (with dark-squared bishops already traded
off) should not be dangerous for Black. But, of course, a complicated fight
still lies ahead.} Nbd7 (10... Bg4 $6 11. Ne5 Bh5 12. f4 $1 Bg6 13. f5 Bh5 14.
Qf2 g6 15. O-O Nbd7 16. Nxd7 Nxd7 17. e4 dxe4 18. Nxe4 Nf6 19. Qh4 {1-0 (19)
Kozul,Z (2577)-Tratar,M (2495) Rijeka 2011}) (10... Re8 11. Ne5 Nbd7 12. Nxd7
Bxd7 13. O-O Qd6 14. h3 Re7 15. b4 Rae8 16. b5 c5 17. dxc5 Qxc5 18. Rfd1 Re5
$13 {1-0 (73) Beliavsky,A (2630)-Nikolic,P (2620) Belgrade 1987}) 11. O-O (11.
h3 Re8 12. O-O Ne4 13. Rfe1 f5 14. Nh2 Qg5 15. f4 Qg3 16. Nf3 Re6 17. Bxe4 fxe4
18. Ne2 Qg6 19. Ne5 Qh6 $13 {0-1 (103) Nguyen,N (2588)-Xiu,D (2422) Subic Bay
2009}) 11... Re8 12. Rab1 (12. a3 Ne4 13. b4 Ndf6 14. b5 c5 15. dxc5 Nxc5 16.
Nd4 Be6 17. Nce2 Rac8 18. Rac1 Nce4 19. Qb2 Bd7 20. Qb4 Qe5 21. Nf3 Qd6 22. h3
h6 23. Rfd1 $14 {1-0 (55) Anton,V (2616)-Sloth,J (2610) corr BdF 1996}) (12.
Rfe1 Nf8 (12... Ne4 $1) 13. Nd2 Bd7 14. a3 Rad8 15. b4 a6 16. f3 Bc8 17. Na4
Ne6 18. Nb6 Qc7 19. Nxc8 Rxc8 20. Nb3 g6 21. Qf2 Rcd8 22. Rad1 $14 {1-0 (41)
Dydyshko,V (2525)-Daly,C (2357) Istanbul 2000}) (12. Rae1 Ne4 13. Bxe4 dxe4 14.
Nd2 Nf6 15. f3 exf3 16. Nxf3 Be6 $11) 12... g6 (12... b6 13. Rfe1 Ne4 14. b4
Bb7 15. Bf1 f5 16. Qb3 a6 17. a4 b5 18. a5 Rf8 19. Ne2 g5 20. Qb2 Rae8 21. g3
$14 {1-0 (64) Romero Holmes,A (2524)-Cuartas,J (2435) Bled 2002}) (12... Nf8
13. b4 a6 14. Na4 (14. a4 Bd7 15. b5 axb5 16. axb5 c5 17. dxc5 Qxc5 18. Rfc1
Rec8 19. Qd2 Qe7 20. Bf1 Be6 21. Nd4 N8d7 22. f3 Nb6 $11 {1/2 (70)
Kalinitschew,S (2492)-Schebler,G (2467) Germany 2009}) 14... Ng6 15. Nb6 Rb8
16. Nxc8 Rbxc8 17. Bf5 Rc7 18. Rfc1 Ne4 19. a4 Qf6 20. Bxe4 dxe4 21. Nd2 $14 {
1-0 (76) Schulz,K (2385)-Schebler,G (2486) Germany 2009}) (12... a5 13. a3 g6
$5 (13... Ne4 14. Bxe4 dxe4 15. Nd2 Nf6 16. b4 axb4 17. axb4 {1-0 (52) Iljin,T
(2416)-Gorbatov,A (2386) Alushta 2009} Bf5 $11) (13... b6 14. b4 axb4 15. axb4
Bb7 16. Rfe1 Ne4 17. Bxe4 dxe4 18. Nd2 f5 19. Rec1 Qe6 20. Ra1 Ba6 21. b5 Bxb5
22. Nxb5 cxb5 23. Qb2 Qd5 $11 {1/2 (39) Flear,G (2527)-Arkell,K (2521)
Hastings 2002}) 14. Na4 (14. b4 axb4 15. axb4 b5 16. Rfe1 {1/2 (40) Gabriel,C 
(2540)-Arkell,K (2479) Fuegen 2006} Nb6 17. e4 Be6 $11) 14... Ne4 15. Bxe4 Qxe4
16. Qxe4 Rxe4 17. Rbc1 Re8 18. Rfe1 Nf6 19. Nd2 Bf5 20. f3 h5 21. h4 Kg7 22.
Kf2 Nd7 23. Nc5 Nxc5 24. Rxc5 Red8 25. Nb3 a4 26. Nc1 Rd6 $11 {1-0 (65) Legky,
N (2507)-Bischoff,K (2564) France 2003}) (12... Ne4 13. b4 a6 (13... g6 14. b5
Nxc3 15. Qxc3 c5 16. dxc5 Nxc5 17. Nd4 Bd7 18. Rfc1 Rac8 19. Qa3 b6 20. Be2 Ne6
21. Qxe7 Rxc1+ 22. Rxc1 Rxe7 $11 {1/2 (48) Khanukov,B (2346)-Kholmov,R (2427)
Arco 2001}) 14. a4 (14. Rfc1 Ndf6 15. a4 Bf5 16. Bxe4 Bxe4 17. Nxe4 Nxe4 18.
Nd2 Nxd2 19. Qxd2 Qe4 {1/2 (19) Eingorn,V (2530)-Psakhis,L (2540) Kharkov 1985}
) 14... Ndf6 15. Ne5 {1/2 (40) Gheorghiu,F-Robatsch,K Vinkovci 1968} Bf5 16.
Ne2 g6 $11 {[%cal Ye4d6]}) 13. b4 b6 (13... a5 $5 14. b5 c5 {(recommended by
GM Evgeny Gleizerov) - a typical idea of counterplay in this structure.}) 14.
a4 (14. Qe2 a5 15. b5 c5 16. Rbc1 Bb7 17. Rfd1 Rac8 18. Qb2 c4 19. Bf1 Qb4 20.
Rb1 Qd6 21. Qc2 Ne4 22. g3 Ndf6 23. Bg2 {1/2 (23) Braun,A (2463)-Bischoff,K 
(2555) Bad Zwesten 2005}) (14. Rfe1 $5 {[%cal Ye3e4] (E.Gleizerov) gains in
strength after ...b7-b6:} Bb7 15. e4 dxe4 16. Nxe4 Nxe4 17. Rxe4 Qd6 18. Bc4
$14 Nf6 $140 19. Re5 Nd7 20. Re2 Nf6 21. Ng5 $1) 14... a5 15. bxa5 (15. b5 c5 {
is now even safer for Black than in Braun - Bischoff.}) 15... Rxa5 16. Rfd1 Bb7
{Black's position is very solid. White's only plan for a breakthrough is e3-e4
but now it is difficult to prepare.} 17. h3 Rea8 18. Nd2 Ba6 {[%mdl 32] Black
weakens the c6-pawn but getting rid of this passive bishop is more important.}
19. Nb3 Bxd3 20. Rxd3 R5a6 21. Rdd1 Qe6 22. Nc1 Ne4 23. N1a2 Nxc3 24. Nxc3 Nf6
25. Ne2 Nd7 26. Rbc1 (26. Rdc1 c5 $5) 26... Rc8 27. Qb3 Rca8 28. Qc2 Rc8 29.
Qb3 Rca8 30. Qc3 Nb8 $6 (30... Rc8 $142 {The knight should rather protect the
b6-pawn. Of course, the exchange of the b6- or c6-pawn for White's a4-pawn
will be unfavourable for Black. If} 31. Qb4 {then} Ra5 32. Rd2 (32. Nf4 Qf6)
32... Qf6 33. Nf4 Rca8 {- White can't make any progress.}) 31. Qb4 Nd7 32. Nf4
Qf6 33. Qc3 Nb8 (33... Rc8 {is already impossible in view of} 34. Nxd5) 34. Qb4
Nd7 35. Qc3 Nb8 36. Rb1 Qd6 37. Rdc1 {[%cal Yf4d3,Yd3b4]} Rxa4 {Black finally
has to make this concession. Fortunately, White's advantage (Black's backward
c6-pawn) is still insufficient for a victory.} 38. Rxb6 Rc4 39. Qe1 (39. Qb2 $5
Nd7 40. Rb7) 39... Nd7 40. Rbb1 Rxc1 (40... c5 $5 {is probably simpler.
Black's isolated d5-pawn will not be a decisive factor, and if} 41. Rxc4 dxc4
42. d5 Nf6 43. Rd1 {then he gets good counterplay after} Ra3) 41. Qxc1 Rb8 42.
Rxb8+ Nxb8 {[%mdl 4096] This endgame should not be lost for Black but White
can torture him for a long time.} 43. Qb2 Nd7 44. Qb7 Kg7 45. Nd3 h5 46. Nb4
Qb8 $1 {The exchange of queens makes Black's task easier.} 47. Qxb8 (47. Qxd7
Qxb4 48. Qxc6 Qe1+ 49. Kh2 Qxf2 50. Qxd5 Qxe3 $11) 47... Nxb8 48. h4 f6 49. f3
g5 50. Kh2 Kg6 51. Kg3 Kf5 52. Kh3 Kg6 53. hxg5 fxg5 54. g4 Kh6 55. f4 Kg6 56.
Kg3 Kh6 57. Kf3 (57. fxg5+ Kxg5 58. gxh5 Kxh5 59. Kf4 Kg6 60. Ke5 Nd7+ 61. Kd6
Nf6 62. Kxc6 Ng4 63. Nxd5 Kf5 $11 {[%cal Yf5e4] E.Gleizerov}) 57... Kg6 58. Kg3
Kh6 59. gxh5 Kxh5 60. Kh3 Nd7 61. Nxc6 g4+ 62. Kg2 Nb6 (62... Nf6 $142 $1 {
creating an unassailable fortress, according to GM E.Gleizerov.}) 63. Ne7 Kh4
64. Nf5+ Kh5 65. Kg3 (65. Ne7 Kh4 66. Kh2 g3+ 67. Kg2 Kg4) (65. Kf2 Kg6 66. e4
(66. Ng3 Nc4 67. e4 dxe4 68. Nxe4 Kf5) 66... dxe4 67. Ne3 {is equally
insufficient due to} Kh5 68. Kg3 Na4 69. Nxg4 Nc3) 65... Nc4 66. Kf2 Nd2 67.
Kg2 Nc4 68. Kg1 Nb6 69. Ne7 g3 $1 70. Kg2 Kg4 71. Ng8 (71. f5 Kg5 72. Kxg3 Kf6
$11) 71... Nc4 $1 {The simplest.} 72. Nf6+ Kf5 73. Nxd5 Ke4 74. Nc7 Nxe3+ 75.
Kxg3 Nf5+ 76. Kg4 Nxd4 77. Ne8 Kd5 78. Ng7 Ke4 79. Nh5 Kd5 80. f5 Nxf5 1/2-1/2

[Event "EU-ch 14th"]
[Site "Legnica"]
[Date "2013.05.10"]
[Round "6"]
[White "Lupulescu, Constantin"]
[Black "Grachev, Boris V"]
[Result "1-0"]
[WhiteElo "2634"]
[BlackElo "2687"]
[Annotator "Krasenkow,M"]
[PlyCount "77"]
[EventDate "2013.05.05"]
[EventType "swiss"]
[EventRounds "11"]
[EventCountry "POL"]
[SourceTitle "CBM 155"]
[Source "ChessBase"]
[SourceDate "2013.07.16"]
[SourceVersion "1"]
[SourceVersionDate "2013.07.16"]
[SourceQuality "1"]

1. d4 d5 2. c4 c6 3. Nf3 Nf6 4. Nc3 e6 5. Bg5 Nbd7 6. cxd5 exd5 7. e3 Be7 8.
Qc2 Nf8 9. h3 Ne6 10. Bh4 g6 11. Bd3 Ng7 {A classic plan preparing ...Bc8-f5.}
12. O-O-O {White chooses to continue development allowing the exchange of
bishops.} (12. g4 {is a usual reply, to which Black can play} Be6 13. O-O-O Nd7
{A classic example:} 14. Bg3 O-O 15. Kb1 Rc8 16. Qb3 b5 17. Rc1 a5 18. Qd1 a4
19. Ne5 Nxe5 20. Bxe5 f6 21. Bg3 Qa5 $132 {1/2 (24) Hort,V (2540)-Beliavsky,A 
(2640) Munich 1991}) 12... Bf5 13. g4 Bxd3 14. Qxd3 O-O (14... Nd7 {is
possible here, too, but Black's problem is that he can't push ...c6-c5 since
his d5-pawn will be hanging. A practical example:} 15. Bg3 Qa5 16. Kb1 Bb4 17.
Rc1 Ne6 18. Nd2 O-O 19. h4 b5 20. h5 Rfc8 21. hxg6 fxg6 22. f4 $40 Bxc3 23.
Rxc3 b4 24. Rcc1 Qb5 25. Qxb5 (25. Qb3 $5) 25... cxb5 26. f5 Nef8 27. Bd6 $16 {
1-0 (52) Kraidman,Y (2460)-Bleiman,Y (2455) Netanya 1975}) (14... Ne6 15. Bg3
Qa5 16. Kb1 Rf8 $6 (16... O-O $142 17. Ne5 Bb4) 17. Ne5 Nd7 18. Nxd7 Kxd7 19.
e4 Bb4 20. exd5 cxd5 21. Ne2 Rac8 22. Qb3 b6 23. f4 Rc4 24. a3 Bd6 25. f5 Nc7
26. Bxd6 Kxd6 27. Qg3+ Kd7 28. Rhe1 $16 {1/2 (36) Tavadian,R (2200)-Ubilava,E 
(2455) Yerevan 1981}) 15. Bxf6 $5 Bxf6 16. h4 {[%mdl 160] White starts an
attack, and is it not so easy for Black to create counterplay.} Ne6 (16... h5 {
may be a better option than allowing h4-h5. E.g.} 17. gxh5 Nxh5 18. Rdg1 Qe7
19. Rg2 Rfd8 20. Rhg1 Rac8 {[%cal Yc6c5] , and White has no decisive blow.})
17. Kb1 Rc8 18. g5 (18. h5 $5 c5 19. Ne5) 18... Bg7 19. Ne5 Nc5 $6 (19... c5 {
is more logical}) 20. Qc2 b5 21. f4 b4 (21... Bxe5 22. dxe5 {[%cal Yh4h5]}) 22.
Nxd5 $1 cxd5 23. dxc5 Bxe5 24. fxe5 {Black must now defend very accurately.}
Re8 25. h5 Qd7 $1 (25... Rxe5 $2 26. hxg6 fxg6 27. Rxh7 Kxh7 28. Qh2+) 26. hxg6
fxg6 27. e4 (27. Qh2 Rxc5 28. e4 {is unclear due to} Rc7 $1 29. Rxd5 (29. exd5
Qf5+) 29... Qg4) 27... Rxe5 28. Rd4 Qf7 $1 29. c6 dxe4 30. Rd7 Re7 31. Rxe7
Qxe7 32. Qc4+ Kg7 $2 {After a number of good moves Black commits a decisive
mistake, which White, however, doesn't exploit at once.} (32... Kh8 $1 33. Rd1
(33. Qd4+ Kg8 34. Qd5+ Kg7 35. Re1 Re8) 33... e3 $1 34. Rd7 Qe5 35. Rd5 Qg7 $1
{, and Black holds his ground.}) 33. Qd4+ $2 (33. Rd1 $1) 33... Kg8 34. Qc4+
Kg7 $2 (34... Kh8 $1) 35. Rd1 $1 {The rook powerfully joins the attack.} Qxg5 (
35... Rc7 36. Rd5 $1 e3 37. Qd4+ Kf7 (37... Kg8 38. Rd8+ Kf7 39. Qd5+ Qe6 40.
Rf8+) 38. Re5 Qf8 39. Rxe3 {, and Black is helpless without his passed pawn.})
36. Qd4+ Kg8 37. Qd7 Qf5 38. c7 e3+ 39. Qxf5 1-0

[Event "Corus"]
[Site "Wijk aan Zee"]
[Date "2010.01.18"]
[Round "3"]
[White "Van Wely, Loek"]
[Black "Carlsen, Magnus"]
[Result "0-1"]
[WhiteElo "2641"]
[BlackElo "2810"]
[Annotator "Krasenkow,M"]
[PlyCount "80"]
[EventDate "2010.01.16"]
[EventType "tourn"]
[EventRounds "13"]
[EventCountry "NED"]
[EventCategory "19"]
[SourceTitle "CBM 135"]
[Source "ChessBase"]
[SourceDate "2010.03.17"]
[SourceVersion "1"]
[SourceVersionDate "2010.03.17"]
[SourceQuality "1"]

1. Nf3 Nf6 2. c4 e6 3. Nc3 d5 4. d4 Nbd7 5. cxd5 exd5 6. Bg5 Be7 7. e3 c6 8.
Qc2 O-O 9. Bd3 Re8 10. h3 Ne4 $6 {A pawn sacrifice for the bishop pair is
quite popular in modern chess - maybe the influence of Rybka? But this one is
too odd. White gets a strong centre and a solid position.} 11. Bxe4 dxe4 12.
Nxe4 Qa5+ 13. Kf1 Bf8 {A logical but too passive move.} (13... Qf5 14. Bxe7
Rxe7 15. Nfd2 Nb6 16. Rc1 Nd5 17. Kg1 Nb4 18. Qb3 a5 19. Nd6 Qd3 20. Nxc8 Rxc8
21. Nc4 Qxb3 22. axb3 b5 23. Nd6 Rd8 24. Nf5 Re6 25. g4 $16 {1/2 Van Wely,L 
(2655)-Piket,J (2630)/Groningen 1997/CBM 063/[ChessBase] (52)}) (13... Nf8 $6 {
has been seen in practice, too:} 14. Bxe7 Rxe7 15. Kg1 $1 Qf5 16. Nfd2 $16 {
1/2 Vybiral,Z (2206)-Vevera,R (1966)/Klatovy 2005/CBM 107 ext (27)}) 14. Bf4 $2
{White wrongly ignores the pin, after which Black obtains excellent
counterplay.} (14. Kg1 Qf5 $1 (14... Nb6 15. Nc5 Nd5 16. a3 h6 17. Bh4 $16 {
1-0 Vybiral,Z (2245)-Lacina,A (2250)/Prague 2001/EXT 2003 (55)}) 15. Nfd2 Bb4
16. g4 Qg6 17. f4 Bxd2 18. f5 Qxg5 19. Nxg5 Bxe3+ 20. Kg2 Bxg5 $13) (14. Nc3 $1
{is good enough to keep a clear advantage.} Nb6 (14... b5 15. Kg1 Nb6 {1-0
Videki,S (2385)-Robert,A (2225)/Biel 1990/EXT 1997 (37)} 16. Ne4 $1 Bf5 $140
17. Nf6+ $1 $18) (14... Bd6 15. e4 Nf8 16. g3 f6 17. Be3 Be6 18. a3 Rad8 19.
Kg2 Bb8 20. b4 $16 {1-0 Sedlacek,O (2445)-McLeod,S/ICCF Email 2002/ICCF
Telechess CBM 100 (53)}) (14... Bb4 15. e4 Nb6 16. Kg1 Be6 17. a3 Bd6 18. e5
Bc7 19. Bd2 h6 20. Kh2 Rad8 21. Rhe1 $16 {1-0 Klein,E-Sarabia Utrilla,J/ICCF
WS 2006/ICCF CBM 132 (55)}) 15. g4 (15. Bf4 $5 Nd5 (15... Bf5 16. e4 Bxe4 17.
Nxe4 Qf5 18. Nfg5 Kh8 19. Nf6 $1 {1-0 Khenkin,I (2609)-Glaser,S (1946)/Bad
Homburg 2008/CBM 124 Extra}) 16. Nxd5 Qxd5 $16) 15... h6 16. Bh4 Nc4 17. e4 b5
18. Kg2 Bb7 19. Rhe1 $16 {1-0 Lazarev,V (2445)-Mai,I (2185)/Meisdorf 1996/EXT
1997 (48)}) 14... Qf5 15. Nfd2 Nb6 $1 {Even stronger than} (15... c5 $5 16. g4
Qg6 (16... Qd5 17. Qb3 Qxb3 18. axb3 cxd4 19. exd4 Nb6 $44) 17. Rc1 (17. d5 $6
b5 $1 $36) 17... cxd4 18. exd4 Nb6 $44) 16. Rc1 (16. Qb1 Nd5 17. g4 Qg6 18. Be5
f6 19. Bd6 f5 20. Bxf8 fxe4 21. Ba3 b6 $40 {[%cal Yc8a6,Ya6d3,Ya6e2]}) 16...
Nd5 17. g4 Qg6 18. Nd6 (18. Be5 f6 (18... Nb4 19. Qb1 f6 20. Bg3 Be6 21. b3)
19. Bd6 (19. Bg3 h5 $1 $36) 19... Bxd6 20. Nxd6 Qxc2 21. Rxc2 Rxe3 $1 22. Rxc6
Rd3 23. Rxc8+ Rxc8 24. Nxc8 Rxd2 25. Kg2 Rxb2 $15) 18... Rd8 $1 19. Qxg6 $2 (
19. Nxc8 $142 Nxf4 20. exf4 Qxc2 (20... Rxd4 21. f5 Qh6 22. Nb3) 21. Rxc2 {
[%csl Gc2]} Rxd4 22. Nxa7 Rxa7 23. b3 {and White should not lose.}) 19... hxg6
(19... fxg6 $1 {was even stronger, according to V.Yemelin. Black could have
made use of the f-file.}) 20. Nxc8 Nxf4 $1 21. exf4 Rxd4 22. Nb3 Rb4 $1 $17 23.
Kg2 (23. Nxa7 $2 Rxa7 {is bad for White; therefore Black keeps a queenside
pawn advantage, in addition to the advantage of his bishop over the white
knight in this open position; meanwhile, White's f4 pawn is doomed anyway.})
23... Rxc8 24. Rhd1 Rxf4 25. Rd7 Rb4 26. Rc2 Re8 27. Rcd2 Be7 $5 {Black
concludes that White's invasion to the 7th rank is not too dangerous as the g7
pawn will be safely protected.} (27... Re5 $5 {[%csl Rb3] was also possible:}
28. Rc7 (28. Rd8 f5) 28... Rd5 29. Rxd5 (29. Re2 f5 30. g5 f4 $1 31. h4 f3+ 32.
Kxf3 Rf5+ 33. Kg2 Rxh4 34. Rxb7 Rxg5+ 35. Kf3 Rh3+ $17) 29... cxd5 30. Rd7 Rb5
$17 {[%cal Ya7a5]}) 28. Rc7 Bf6 29. Rdd7 b6 $1 (29... Re2 30. Nc1 $1 Rc2 31.
Nd3 Rd4 32. Rxb7 Rd2 33. Nc5 Rxd7 34. Nxd7 Bxb2 35. Nc5 $132 {[%cal Rc5e4]}) (
29... a6 30. Rxb7 (30. Rxf7 b6 {[%cal Yc6c5]}) 30... Rxb7 31. Rxb7 Re2 32. g5
$1 Bxb2 (32... Bxg5 33. Nd4 $132) 33. Rb6 $132) 30. Rxa7 g5 $1 31. Rd2 (31.
Rxf7 Re2 32. Nc1 $1 Rd2 33. Rfd7 Rxd7 34. Rxd7 Rxb2 35. Nd3 Re2 $17 {[%cal
Yc6c5]}) 31... c5 32. Ra6 (32. Rb7 c4 33. Nd4 Rd8 34. a3 Ra4 $19) (32. Rc2 c4
$140 ({but what will White do after, say,} 32... g6 {?}) 33. Nd2 b5 34. Rb7 $1)
32... c4 $6 {Black unnecessarily forces the game.} (32... Kh7 $5) 33. Nd4 Bxd4
(33... Rd8 $5 {but after} 34. a3 $1 {[%csl Rb4]} Rb5 35. Nxb5 Rxd2 36. Rxb6
Rxb2 37. a4 Ra2 38. Rc6 (38. Ra6 $143 $6 Be5) 38... Rxa4 39. Nd6 c3 40. Kf3 {
Black's victory is doubtful.}) 34. Rxd4 Rxb2 {[%mdl 4096]} 35. Rd7 (35. Rxc4
Ree2 36. Kg3 Rxf2 37. Rxb6 Rg2+ 38. Kf3 Rbf2+ 39. Ke4 (39. Ke3 Rxa2) 39... Rf4+
40. Kd5 Rxc4 41. Kxc4 Rxa2 42. Rb3 Rd2 {should be lost for White.}) 35... c3
36. Raa7 Rf8 37. Rdc7 (37. Rac7 $143 c2 38. a4 Ra2 39. Re7 b5 $1 40. axb5 Ra7
$3 41. b6 c1=Q 42. bxa7 Qf4 {and Black should win, e.g.} 43. Rb7 g6 44. Rb6 Kg7
45. Rbb7 Rc8 46. Rbd7 Qf6 47. Rb7 Qc6+ 48. Kg3 Qd6+ 49. Kg2 Qd5+ 50. Kg3 (50.
Kh2 Qf3) 50... Rc3+ 51. Kh2 Ra3 $19) 37... c2 38. Kg3 $2 {A big mistake as the
a2-pawn will now be lost.} (38. a4 $1 g6 39. a5 (39. Kh2 Rb8 40. Kg2 Ra2 $1 $19
{[%cal Yb6b5]}) 39... bxa5 40. Rxa5 Rd8 41. Rxg5 ({but not} 41. Raa7 $2 Rd1 42.
Ra8+ Kg7 43. Rac8 Rd2 $19 {[%cal Rd2f2]}) 41... Rd2 {[%cal Rd2f2]} 42. Kg3 $1 {
and there is apparently no win for Black, e.g.} Kg7 (42... Rxf2 43. Rb5 $1 Rg2+
44. Kf3 Ra2 45. Ra5 Rxa5 46. Kxg2 Ra2 47. Kf3 Kg7 48. g5 $1 $11) (42... Rb3+
43. Kg2 (43. f3 Rdd3 44. Rxc2 Rxf3+ 45. Kg2 Rxh3 $17) 43... Kg7 44. h4 $1) 43.
Rgc5 (43. h4 $5 Rxf2 44. h5 Kf6 45. Rgc5 gxh5 46. gxh5 Kg7 47. R5c6 {etc.})
43... Rxf2 44. Rb7 (44. h4 $5) 44... Ra2 45. Ra7 Rg2+ $1 46. Kf3 Rxa7 47. Kxg2
Ra2 48. Kf3 Kf6 {- that's why Black has played 42...Kg7 but...} 49. h4 $1 {
[%cal Yh4h5] with sufficient counterplay} ({not, however,} 49. g5+ $2 Ke6 50.
Ke3 Kd6 51. Rc8 Kd5 52. Kd2 Ra3 53. Rc7 Rxh3 54. Rxf7 Rh2+ 55. Kc1 Rg2 56. Rf6
Rxg5 57. Kxc2 Ke5 $19 {_|_})) 38... Rd8 39. Rxf7 $2 (39. Kg2 {was much more
stubborn:} Kh7 40. Rc3 Rd2 41. Rxf7 Kg8 $1 42. Rff3 (42. Ra7 Rxf2+ 43. Kg3 Rd2
44. Rc8+ Kh7 45. Kf3 b5 $19 {V.Yemelin}) (42. Rf5 $2 Rd1) 42... Rxa2 43. Rc8+
Kh7 44. Rf7 Rd8 (44... Ra8 $5) 45. Rc3 (45. Rcc7 Ra7 $3 46. Rxg7+ Kh6 47. Rge7
Rd6 $19) 45... Rd1 46. Rfc7 Rd2 {[%cal Rd2f2]} 47. Rf7 Kg8 $1 48. Rff3 b5 $1
49. Rc8+ Kh7 50. Rf7 Ra8 $1 ({not} 50... Rd8 51. Rcc7 Ra7 $2 {now, due to} 52.
Rxa7 $1 c1=Q 53. Rxg7+ Kh6 54. Rgc7 $1 Qd2 55. Ra6+ Rd6 56. Rd7 $3 Qd5+ 57. Kg1
) 51. Rcc7 Kh8 $1 {etc.} 52. Rxg7 $140 c1=Q) 39... Rd3+ 40. Kg2 c1=Q {The
black king escapes to d8.} 0-1